Communes desservies par le métro de Lille - Statistiques

Statistiques générales
  • Ce quiz a été pris 148 fois
  • Le résultat moyen est 6 sur 8
Statistiques - réponses
Nombre de stations Ville % Correct
32 Lille
97%
6 Roubaix
93%
9 Tourcoing
90%
5 Villeneuve-d'Ascq
83%
2 Croix
68%
2 Wasquehal
59%
1 Lambersart
52%
3 Mons-en-Barœul
44%
Aucun quiz correspondant
Distribution des résultats
% des personnes avec chaque résultat
Percentile par nombre de réponses
Votre historique - résultats
Vous n’avez pas pris ce quiz